000 00751nam a22001817a 4500
005 20240612090255.0
008 220524b ||||| |||| 00| 0 eng d
040 _cSSUL
082 _223
_a025.84
110 _aInternational Federation of Library Associations and Institutions
_95546
245 _aIFLA principles for the care and handling of library materials/
_cInternational Federation of Library Associations and Institutions, compiled and edited by Edward P. Adcock.
260 _aHague :
_bIFLA,
_c[2000]
300 _b72 pages : illustration ;
_c30 cm.
440 _aInternational Preservation Issue :
_nno. 1
_95547
650 _aLibrary resources --
_xconservation and restoration
_95548
700 _aAdcock, Edward P.
_95549
942 _2ddc
_cBK
999 _c6655
_d6655